Argumentation and debate : (Record no. 7197)

MARC details
000 -LEADER
fixed length control field 01700cam a2200253 a 4500
020 ## - INTERNATIONAL STANDARD BOOK NUMBER
ISBN 053451510X
022 ## - INTERNATIONAL STANDARD SERIAL NUMBER
ISSN 9780534515102
050 #4 - CALL NUMBER
Classification number PN4181
Item number .F68
100 1# - AUTHOR
Personal name Freeley, Austin J.(ed.)
245 10 - TITLE
Title Argumentation and debate :
Remainder of title critical thinking for reasoned decision making /
Statement of responsibility, etc Austin J. Freeley, David L. Steinberg.
250 ## - EDITION
Edition statement 11th ed.
260 ## - PUBLICATION INFORMATION
Place of publication Belmont, CA :
Name of publisher Thomson/Wadsworth,
Year of publication c2005.
300 ## - DESCRIPTION
Number of Pages xx, 491 p. :
Other physical details ill. ;
Dimensions 25 cm.
440 #0 - SERIES
SERIES Wadsworth series in communication studies.
500 ## - NOTES
General note Includes Index
505 ## - FORMATTED CONTENTS NOTE
Table of Content Ch. 1. Critical thinking --<br/>Ch. 2. Applied and academic debate --<br/>Ch. 3. Stating the controversy --<br/>Ch. 4. Analyzing the controversy --<br/>Ch. 5. Exploring the controversy --<br/>Ch. 6. Evidence --<br/>Ch. 7. Test of evidence --<br/>Ch. 8. The structure of reasoning --<br/>Ch. 9. Types of reasoning --<br/>Ch. 10. Obstacles to clear thinking --<br/>Ch. 11. Requirements of the case --<br/>Ch. 12. Building the affirmative case --<br/>Ch. 13. Building the negative case --<br/>Ch. 14. Refutation --<br/>Ch. 15. Presenting the case : composition --<br/>Ch. 16. Presenting the case : delivery --<br/>Ch. 17. Evaluating the debate --<br/>Ch. 18. Modern procedures : academic debate formats --<br/>Ch. 19. Applied parliamentary debate --<br/>App. A. Presidential debate --<br/>App. B. National championship debate --<br/>App. C. National intercollegiate debate propositions (NDT) --<br/>App. D. National intercollegiate debate propositions (CEDA) --<br/>App. E. Debate bibliography.
650 #0 - SUBJECTS
Topical Term Debates and debating.
650 #0 - SUBJECTS
Topical Term Persuasion (Rhetoric)
650 #0 - SUBJECTS
Topical Term Critical thinking.
650 #0 - SUBJECTS
Topical Term Decision making.
650 #0 - SUBJECTS
Topical Term Reasoning.
700 1# - OTHER AUTHORS
Personal name Steinberg, David L.(ed.)
942 ## - ADDED ENTRY ELEMENTS (KOHA)
Koha item type Books
Holdings
Withdrawn status Lost status Collection code Home library Current library Shelving location Date acquired Full call number Accession Number Koha item type
    Reference Methodist University Library Main Methodist University Library Main General Stacks 30/11/2009 PN4181 .F68 30247 Books
Copyright © 2026  MUG Library